| 000 | 00487nam a22001217a 4500 | ||
|---|---|---|---|
| 082 | _a220 PRO | ||
| 100 |
_aAnum Tahir Harris Bin Khalid Umar Shadab Butt _971469 |
||
| 245 | _aPR-SOF-1780-FORMAL VERIFICATION, DESIGN AND DEVELOPMENT OF A FIRE FIGHTING ROBOT | ||
| 260 |
_aISLAMABAD _bNUST COLLEGE OF EME _c2019 |
||
| 650 |
_aDE-MTS-37 DECLASS _971470 |
||
| 700 |
_aSupervisors Dr. Umar Shahbaz Khan Dr. Kashif Saghar (NESCOM) Asst. Prof. Kanwal Naveed Lec. Usman Asad _971471 |
||
| 942 | _cCR | ||
| 999 |
_c577974 _d577974 |
||